The New Earth from Above : 365 Days /
Gardado en:
| Autor Principal: | |
|---|---|
| Outros autores: | , |
| Formato: | Libro |
| Idioma: | Lingua castelá |
| Publicado: |
Nueva York, EUA :
Abrams,
2007, c2007
|
| Temas: | |
| Etiquetas: |
Sen Etiquetas, Sexa o primeiro en etiquetar este rexistro!
|
MARC
| LEADER | 00000nam^a2200000^a^4500 | ||
|---|---|---|---|
| 001 | 000315739 | ||
| 005 | 20250521000000.0 | ||
| 009 | 20260310113254.422 | ||
| 020 | |a 978-0-8109-9291-7 | ||
| 037 | |a Acervo ITESO - Biblioteca | ||
| 041 | |a ESP | ||
| 082 | |a 770. 944 |b ART TIE V. 2 | ||
| 100 | |a Arthus-Bertrand, Yann |e (autor) | ||
| 240 | 1 | 4 | |a [La tierra vista desde el cielo] |
| 245 | 1 | 4 | |a The New Earth from Above : |b 365 Days / |c Y. Arthus-Bertrand... [et al.] ; texto de N. Chahine... [et al.] ; pref. de A. Jankeliowitch ; tr. por Anthony Roberts. |
| 264 | 4 | |a Nueva York, EUA : |b Abrams, |c 2007, c2007 | |
| 300 | |a 1 v. (sin paginación) | ||
| 336 | |a texto |b txt |2 rdacontenido | ||
| 337 | |a sin mediación |b n |2 rdamedio | ||
| 338 | |a volumen |b nc |2 rdasoporte | ||
| 545 | 0 | |a Yan Arthus-Bertrand es un fotógrafo francés nacido en 1946. Gran amante de la naturaleza y reconocido como uno de los grandes representantes de la fotografía aérea. Fundó en 1991 la agencia Altitude, banco insustituible de imágenes aéreas, en la que trabajan fotógrafos del mundo entero. Es autor de más de sesenta libros. Ecologista convencido, a partir de 1995 comenzó a desarrollar el proyecto de retratar la tierra desde las alturas para poner de manifiesto la destrucción que se está haciendo de ella, pero también las posibilidades de renovación ambiental existentes. El libro La tierra vista desde el cielo, es uno de los productos de ese trabajo y dialoga con textos sobre desarrollo sostenible. La exposición de las fotografías del proyecto inició en París, en el Museo de Luxemburgo, en mayo de 2000 y a partir de entonces ha recorrido numerosas ciudades -Guadalajara, incluida- y ha sido vista por millones de personas. | |
| 649 | |a XX | ||
| 650 | |a Fotógrafos Franceses | ||
| 650 | |a Artistas Franceses | ||
| 650 | |a Tierra - |x Fotografías - |x Tema Principal | ||
| 650 | |a Recursos Naturales | ||
| 650 | |a Contaminación Ambiental | ||
| 650 | |a Conservación y Protección Ambiental | ||
| 650 | |a Desarrollo Sustentable - |x Tema Principal | ||
| 650 | |a Ecología | ||
| 650 | |a Fotografía de la Naturaleza - |x Tema Principal | ||
| 650 | |a Fotografía Aérea - |x Tema Principal | ||
| 650 | |a Fotografía Francesa - |y Siglo XX | ||
| 650 | |a Fotografía y Sociedad | ||
| 650 | |a Arte y Sociedad | ||
| 650 | |a Arte Francés - |y Siglo XX | ||
| 650 | |a Arthus-Bertrand, Yann - |x Tema Principal | ||
| 700 | |a Chahine, Nathalie |e (texto) | ||
| 700 | |a Janjeliowitch, Anne |e (presentación) |e (presentación) | ||
| 910 | |a Fondo General | ||
| 920 | |a Impresos - Libros | ||
| 930 | |a Reserva Especial | ||
| 905 | |a 103 | ||
| 901 | |a 0500202650 |b IT1 |c REE |i C129796 |u 20250521 | ||
| 902 | |a https://opac.biblio.iteso.mx/vufind/Record/000315739 | ||